| 000 | 00610nam a2200181 i 4500 | ||
|---|---|---|---|
| 001 | 184822 | ||
| 003 | ES-MaACL | ||
| 005 | 20240128062950.0 | ||
| 008 | 160202s1908 fr |||| | fre d | ||
| 080 | _a821.133.1-31"18" | ||
| 100 | 1 |
_aFlaubert, Gustave, _d1821-1880 _951134 |
|
| 245 | 1 | 3 |
_aLa première tentation de Saint Antoine (1849-1856) / _cGustave Flaubert ; oeuvre inèdite publiée par Louis Bertrand. |
| 260 |
_aParis : _bEugéne Fasquelle, _c1908. |
||
| 300 |
_aXXXVII, 303 p. ; _c18 cm. |
||
| 700 | 0 |
_aBertrand, Louis. _928533 |
|
| 852 |
_aES-MaACL _jB-2806 |
||
| 999 |
_c184822 _d184822 |
||